000 00475nam a2200181Ia 4500
001 19883
005 20260306172725.0
008 260306t2006||||xx |||||||||||||| ||spa||
041 _aESP
082 _a341.3
_bL89
100 _aLorenzetti, Ricardo Luis [1955-...]
_eAUT
245 0 _aRazonamiento judicial:
_bfundamentos del derecho privado
260 _c2006
300 _axxxvi, 550 páginas :
_c24 cm.
650 _aGEN
654 _aCDE
942 _cLIB
_dJUS
_fJUS
_2ddc
_n
999 _c19883
_d19883